=LDR 00000nam 2200000 4500 =001 INLIS000000000004771 =005 20130612093038 =008 ***********************************Ind** =035 ##$$0010-061300000004771 =041 ##$$a Ind =082 ##$$a 641.86 =090 ##$$a 641.86, Sri s =100 ##$$a SRI SUPARNI =245 ##$$a Sensasi kue dan minuman millenium / Sri Suparni. -- =260 ##$$a 2000 $b Solo : Aneka =300 ##$$a 87 hlm. : ilus. ; 21 cm =650 ##$$a KUE =850 ##$$a NBPNMAT